000 00876nam a22002897a 4500
001 BR7000150
003 BR-BrBNA
005 20230928083552.0
007 ta
008 230509b bl.||||| |||| 00| 0 por d
040 _aBR-BrBNA
_bpor
_cBiblioteca Nacional de Agricultura
041 _a(Por)
072 _aF25
_b/G514
090 _ F25 BR7000150
100 1 _aDefelipo, B.V.
110 1 _aUniversidade Federal de Vicosa, MG (Brasil)
_0Tese (Magister Scientiae)
245 1 _aComparacao entre metodos para determinar a necessidade de calcarios de solos de Minas Gerais [Brasil]
260 3 _aVicosa, MG (Brasil):
_c1970.
300 _a63 p.
500 _a17 tables; 16 graphs; 36 ref.; Summary (Por)
650 _aFertilidade do solo
650 _aSolo
650 _aCalcario
650 _aMinas Gerais
909 _a202309
_bLucia
_c55
_dLucia Elande
942 _cBK
999 _c14223
_d14223